Monológy zvrátenosti

Bibliographic Details
Main Author: Gajdoš, Milan (Author)
Format: Article
Language:Slovak
PhysicalDescription:Fotogr. 2
Subjects:

MARC

LEADER 00000nab a2200000 a 4500
001 vtls000572309
003 SK-MaSNL
005 20260304001820.0
008 150501c1996 xo 0 slo
015 |a SNBRB19rr/mm-uuuuu 
035 |a CL0572447 
040 |a SNKBUCL  |b slo  |c SNKBUCL  |e AACR2 
041 0 |a slo 
044 |a xo  |c SK 
080 |a 943.0-051"19"(048)  |2 1981 
100 1 |a Gajdoš, Milan  |4 aut  |9 279718 
245 1 0 |a Monológy zvrátenosti  |c Milan Gajdoš 
300 |b Fotogr. 2 
600 1 7 |a Hitler, Adolf,  |d 1889-1945  |2 snkbucl  |9 11283 
648 7 |a 1941-1944  |2 snkbucl  |9 401205 
650 0 7 |a monológy  |2 snkbucl  |9 837788 
655 7 |a recenzie  |2 snkbucl  |9 21907 
655 7 |a články z novín a časopisov  |2 snkbucl  |9 267496 
773 0 |t Bojovník  |g Roč. 41, č. 1 (1996), s. 8 
787 0 8 |i Rec.:  |a Hitler, Adolf  |t Monology ve Vůdcově hlavním stanu 1941-1944  |d Praha, 1995 
850 |a Slovenská národná knižnica v Martine  |a MTA001 
852 |a SNK  |b KIS3GCP 
958 |a RK 
958 |a DE 
992 |a RBX 
999 |c 2538877  |d 2540807